000 00599nam a2200145Ia 4500
005 20260209120128.0
008 260209s9999||||xx |||||||||||||| ||und||
100 _aSatyadeep Kumar Singh
245 0 _aDouble taxation avoidance agreement : in special reference of agreement between India Mauritius
260 _aBangaloreBangalore
_bNLSIU
_c2010
300 _a124 p. ; 25 cm.
650 _aModel tax treaty Tax Law - India Tax treaty interpretation and jurisdiction
700 _aProf. (Dr.) N L Mitra - GuideProf. (Dr.) N L Mitra - Guide
856 _uhttps://dans.nls.ac.in/handle/123456789/1943
999 _c216938
_d216938